Ιστορία της Βυζαντινής λογοτεχνίας

Αποθηκεύτηκε σε:
Λεπτομέρειες βιβλιογραφικής εγγραφής
Κύριος συγγραφέας: Krumbacher, Karl, 1856-1909
Άλλοι συγγραφείς: Τωμαδάκης, Νικόλαος Β. 1907-1993 (Συγγραφέας εισαγωγής κ.λπ.), Σωτηριάδης, Γ. (Μεταφραστής)
Μορφή: Βιβλίο
Γλώσσα:Greek
Δημοσίευση: Εν Αθήναις : Πάπυρος, 1964-1965
Σειρά:Βιβλιοθήκη "Παπύρου"
Θέματα:
Ετικέτες: Προσθήκη ετικέτας
Δεν υπάρχουν, Καταχωρήστε ετικέτα πρώτοι!

MARC

LEADER 00000cam a2200000 i 4500
001 1/82297
008 050726m19641965gr | ||| |||| ||gre||
035 |l 10079489 
040 |a GR-MY-UA  |b gre  |e aacr 
041 0 |a gre 
082 0 |a 888.09  |2 (22) 
100 1 |a Krumbacher, Karl,   |d 1856-1909. 
245 1 0 |a Ιστορία της Βυζαντινής λογοτεχνίας /  |c Καρλ Κρουμπάχερ ; γενική εισαγωγή Νικ. Β. Τωμαδάκη ; μετάφρασις: Γ. Σωτηριάδου 
260 |a Εν Αθήναις :   |b Πάπυρος,   |c 1964-1965 
300 |a 5τ. σε 1;  |c 21 εκ. 
490 1 |a Βιβλιοθήκη "Παπύρου" 
500 |a Το τεκμήριο με αριθμό εισαγωγής 122026 περιλαμβάνει τον 1ο, 2ο, 3ο, 4ο και 5ο τόμο μαζί 
500 |a Το τεκμήριο με αριθμό εισαγωγής 153594 περιλαμβάνει τον 1ο και 2ο τόμο μαζί 
500 |a Το Παράρτημα της Ρόδου διαθέτει την 1η (1939-1940) έκδοση καθώς και την έκδοση του 1964-1965 
504 |a Περιλαμβάνει βιβλιογραφίες 
650 0 0 |a Byzantine literature  |x History and criticism. 
650 0 0 |a Byzantine literature. 
700 1 |a Τωμαδάκης, Νικόλαος Β.  |d 1907-1993.  |4 aui 
700 1 |a Σωτηριάδης, Γ.  |4 trl 
830 0 |a Βιβλιοθήκη "Παπύρου" 
852 |a INST  |b RHODES  |c AKA  |e 20081118  |h  888.09 KRU  |p 005400031254  |q 005400031254  |t BK  |y 0 
852 |a INST  |b RHODES  |c KRI  |e 20050726  |h  888.09 KRU  |p 005400022787  |q 005400022787  |t BK  |y 0 
901 |a BIBL4-2005-2 
909 |a Ρ  |b 122026 
909 |a Ρ  |b 153594 
970 |a ΚΟΖΑ  |b ΜΑΡΙΑ  |z 2005/07/26